000 00481nam a2200169 4500
001 148856
003 ES-MaACL
005 20231207063034.0
007 t|
008 070214s1948 sp r ||||1| spa d
100 1 _aSuevos, Jesús
_d1907-2001
_9108734
245 1 3 _aLa luna y sus complices /
_cJesús Suevos.
260 _aMadrid :
_bEd. Nacional,
_c1948 (
_fMagerit)
300 _a242 p. ;
_c22 cm.
852 _aES-MaACL
_jC-5500
_bR.25842
999 _c148856
_d148856